François Boucher / (Record no. 159573)
[ view plain ]
| 000 -LEADER | |
|---|---|
| campo de control de longitud fija | 00827nam a22002295i 4500 |
| 001 - NÚMERO DE CONTROL | |
| campo de control | 159573 |
| 003 - IDENTIFICADOR DE NÚMERO DE CONTROL | |
| campo de control | ES-MaACL |
| 005 - FECHA Y HORA DE LA ÚLTIMA TRANSACCIÓN | |
| campo de control | 20250830063109.0 |
| 008 - DATOS DE LONGITUD FIJA--INFORMACIÓN GENERAL | |
| campo de control de longitud fija | 981002s1886 fr a |||| | fre d |
| 040 ## - FUENTE DE CATALOGACIÓN | |
| Centro catalogador/agencia de origen | GA |
| Lengua de catalogación | spa |
| Centro/agencia transcriptor | CCPB | 3D |
| 100 1# - ENTRADA PRINCIPAL--NOMBRE DE PERSONA | |
| Nombre de persona | Michel, André, |
| Fechas asociadas al nombre | 1853-1925 |
| 9 (RLIN) | 80889 |
| 245 14 - MENCIÓN DEL TÍTULO | |
| Título | François Boucher / |
| Mención de responsabilidad, etc. | par André Michel. |
| 260 ## - PUBLICACIÓN, DISTRIBUCIÓN, ETC. | |
| Lugar de publicación, distribución, etc. | Paris : |
| Nombre del editor, distribuidor, etc. | Librarie de L'Art, |
| Fecha de publicación, distribución, etc. | [s.a.] ( |
| Fabricante | Imprimerie de L'Art. E. Ménard et J. Augry) |
| 300 ## - DESCRIPCIÓN FÍSICA | |
| Extensión | 144 p. : |
| Otras características físicas | il. ; |
| Dimensiones | 26 cm. |
| 490 1# - MENCIÓN DE SERIE | |
| Mención de serie | Les artistes célèbres |
| 596 #1 - NOTA AL PIE DE IMPRENTA | |
| NOTA AL PIE DE IMPRENTA | Espasa, t. 35, p. 11, fecha la obra en 1886. |
| 597 #1 - NOTA DE DESCRIPCIÓN FÍSICA | |
| NOTA DE DESCRIPCIÓN FÍSICA | Grab. calc. intercalados en el texto. |
| 650 14 - PUNTO DE ACCESO ADICIONAL DE MATERIA--TÉRMINO DE MATERIA | |
| Término de materia o nombre geográfico como elemento de entrada | Boucher, François |
| Fechas vigentes | (1703-1770) |
| 9 (RLIN) | 223172 |
| 830 0# - PUNTO DE ACCESO ADICIONAL DE SERIE-TÍTULO UNIFORME | |
| Título uniforme | Les artistes célèbres |
| 9 (RLIN) | 188292 |
| 852 ## - LOCALIZACIÓN | |
| Ubicación | ES-MaACL |
| Número de control de estantería | F-11302 |
| Nota libre | -- Enc. hol. grabada |
| Estatus retirado | Estado de pérdida | Estado de daño | No para préstamo | Biblioteca de origen | Biblioteca actual | Ubicación en estantería | Fecha de adquisición | Fuente de adquisición | Total de préstamos | Signatura topográfica completa | Código de barras | Visto por última vez | Precio de reemplazo | Tipo de ítem Koha |
|---|---|---|---|---|---|---|---|---|---|---|---|---|---|---|
| Biblioteca del Ateneo de Madrid | Biblioteca del Ateneo de Madrid | Sala Pecera Planta 2 | 17/01/2008 | F-11302 | 1167053 | 23/02/2023 | 23/02/2023 | Libro impreso |
